00683nam a2200205 i 450000100060000000300090000600500170001500700030003200800410003510000270007624500470010325000160015026000560016630000300022249000250025283000300027785200320030799900170033995201210035676908ES-MaACL20250710062724.0t|041005s1957 fr ||||1| fre d1 aGuilbaud, G. T.96068913aLa cybernétique / cpar G.-Th. Guilbaud. a[2eme ed.]. aParis : bPresses Universitaires de France, c1957. a135 p. : bil. ; c18 cm.1 aQue sais-je? ; v63800aQue sais-je?v6389180931 aES-MaACLjC-15622 bR.43472 c76908d76908 00104070aATENEOMbATENEOMcFICHd2008-01-17eSCl0oC-15622p1080474r2023-02-23 00:00:00w2023-02-23yMONOGRAFIA